Vitória SC Squad 2024-2025 - Statistics

General Stats
  • This quiz has been taken 25 times
    20 since last reset
  • The average score is 22 of 34
Answer Stats
# Position Nation Player % Correct
10 MF Portugal Tiago Silva
92%
14 GK Cape Verde Bruno Varela
85%
13 DF Portugal João Mendes
85%
17 MF Portugal João Mendes
85%
2 DF Portugal Maga
85%
3 DF Venezuela Mikel Villanueva
85%
20 MF Portugal Samu
85%
18 MF Cape Verde Telmo Arcanjo
85%
8 MF Portugal Tomás Händel
85%
27 GK Brazil Charles
77%
15 DF Spain Óscar Rivas
77%
24 DF Croatia Toni Borevković
77%
9 FW Venezuela Jesús Ramírez
69%
11 FW Brazil Kaio César
69%
- Coach Portugal Luís Freire
69%
- Coach Portugal Rui Borges
69%
21 FW Guinea-Bissau Vando Félix
69%
22 DF Portugal Alberto Costa
62%
86 FW Canada Dieu-Merci Michel
62%
4 DF Portugal Filipe Relvas
62%
71 FW Brazil Gustavo Silva
62%
22 DF Brazil Hevertton
62%
6 MF Portugal Manu
62%
7 FW Portugal Nélson Oliveira
62%
- Coach Portugal Daniel Sousa
54%
77 MF Portugal Nuno Santos
54%
4 DF Portugal Tomás Ribeiro
54%
85 FW Portugal Úmaro Embaló
46%
76 DF Angola Bruno Gaspar
38%
5 MF Portugal Marco Cruz
38%
79 FW Portugal Bica
31%
44 DF Portugal Jorge Fernandes
31%
28 DF Portugal Zé Carlos
31%
47 GK Portugal João Oliveira
23%
No matching quizzes found
Score Distribution
Percent of People with Each Score
Percentile by Number Answered
Your Score History
You have not taken this quiz since the last reset